00390nam a22001577a 450000500170000000800410001702000260005804000090008404100120009308200150010510000190012024500340013926000380017330000080021165000130021920260415122721.0260415b |||||||| |||| 00| 0 eng d a9789390346394c1799.0 aMAIN aEnglish a539.7bSHA aShaw, Cameron  aNuclear And Particle Physics  aNew DelhibBlackwell Press c2026 a281 aPhysics